Test ze znajomości lektury - Zemsta - Statystyki

Ogólne statystyki
  • Ten quiz został rozwiązany 1 030 razy
    1 029 od ostatniego zresetowania
  • Średni wynik to 12 z 20
Statystyki odpowiedzi
Zagadnienie Odpowiedź % Poprawnych
(1 Pkt) Mularze, o których wielokrotnie mówi Cześnik, to... b) Murarze.
77%
(1 Pkt) W drugiej scenie I aktu poznajemy Papkina, który opowiada o przygodach, jakie przeżył w drodze do zamku, jak reaguje na te odpowiedzi Cześnik? b) Nie wierzy w jego opowieści.
73%
(1 Pkt) Utwór ,,Zemsta'' kończą Słowa... b) Tak jest - zgoda, / a Bóg wtedy rękę poda.
71%
(1 Pkt) Kogo w młodości udawał Wacław, kiedy poznał Podstolinę? a) Litewskiego księcia Radosława.
70%
(1 Pkt) Jam jest [...], lew północny, / Rotmistrz sławny i kawaler - Tak przedstawia się rejentowi... c) Papkin
70%
(0,5 Pkt) Z ilu aktów składa się Zemsta? c) Czterech
69%
(1 Pkt) Kto czuje się otruty przez Rejenta i postanawia spisać testament? b) Papkin
68%
(1 Pkt) Cześnik chce u trzech kopców w Czarnym Lesie... b) Pojedynkować się z Rejentem.
67%
(1 Pkt.) Perełka to... a) Kuchmistrz Cześnika
64%
(1 Pkt) Cześnik urządza zasadzkę na Wacława po to, żeby... b) Kazać mu się ożenić z Klarą
64%
(1 Pkt) Kto jest posiadaczem gitary oraz kolekcji motyli? b) Papkin.
64%
(1 Pkt) ,,Hej! Gerwazy! Daj gwintówkę, niechaj strącę tę makówkę!'' To słowa... b) Cześnika.
63%
(0,5 Pkt) Krokodyl, którego Klara życzy sobie od Papkina, to... c) Egzotyczne zwierzę.
63%
(2 Pkt) Który plan wydarzeń jest prawdziwy? b) Cześnik chwyta Wacława, Cześnik nie stawia się na pojedynek, Wacław żeni się z klarą.
59%
(1 Pkt) Kto pisze skargę do sądu, podstępnie wymuszając od murarzy fałszywe zeznania? b) Rejent.
58%
(1 Pkt) Których słów NIE WYPOWIADA Papkin? d) Niech się dzieje wola nieba, / z nią się zawsze zgadzać trzeba.
53%
(1 Pkt) Rejent chce naprawić mur, aby... d) Zrobić na złość sąsiadowi.
48%
(1 Pkt) Kto i dlaczego spisuje intercyzę z Podstoliną? a) Rejent, by mieć pewność, że kobieta go nie oszuka.
45%
(1 Pkt) Rózia to... b) Służąca Cześnika.
42%
(1 Pkt) Cześnik i Rejent to... c) Tytuły / funkcje bohaterów.
42%
Nie znaleziono quizów pasujących do podanych kryteriów
Rozkład punktacji
Procent ludzi z każdym wynikiem
Percentyl według liczby udzielonych odpowiedzi
Twoja historia wyników
Nie rozwiązałeś tego quizu od ostatniego zresetowania